The Refrigerating Data Book (Record no. 548562)

000 -LEADER
fixed length control field 00415nam a22001457a 4500
082 ## - DEWEY DECIMAL CLASSIFICATION NUMBER
Classification number 668.02852
Author Mark AME
-- Donation
100 ## - MAIN ENTRY--PERSONAL NAME
Personal name Daniel C. McCoy
9 (RLIN) 44908
245 ## - TITLE STATEMENT
Title The Refrigerating Data Book
250 ## - EDITION STATEMENT
Edition statement 1951
260 ## - PUBLICATION, DISTRIBUTION, ETC.
Place of publication, distribution, etc. Menasha, Wisconin
Name of publisher, distributor, etc. The American Society of Refrigerating Engineers
Date of publication, distribution, etc. 1951
300 ## - PHYSICAL DESCRIPTION
Extent 1118 P, :
526 ## - STUDY PROGRAM INFORMATION NOTE
Program name 0
Interest level 0
Reading level 0
Title point value 668_028520000000000_AME
650 ## - SUBJECT ADDED ENTRY--TOPICAL TERM
Topical term or geographic name entry element MCE
9 (RLIN) 379
942 ## - ADDED ENTRY ELEMENTS (KOHA)
Source of classification or shelving scheme
Koha item type Book
Holdings
Withdrawn status Lost status Source of classification or shelving scheme Damaged status Not for loan Permanent Location Current Location Date acquired Total Checkouts Full call number Barcode Date last seen Price effective from Koha item type
          Military College of Engineering (MCE) Military College of Engineering (MCE) 09/01/2014   668.02852 AME MCE-44732 09/01/2014 09/01/2014 Book
© 2023 Central Library, National University of Sciences and Technology. All Rights Reserved.